Find the Music Genre #1: Click Quiz - Statistics

General Stats
  • This quiz has been taken 158 times
  • The average score is 10 of 12
Answer Stats
Hint Answer % Correct
Metallica, Iron Maiden, Kiss heavy metal
98%
Britney Spears, Sabrina Carpenter, Wham! pop
97%
Led Zeppelin, Lynyrd Skynyrd, The Beatles classic rock
92%
Beastie Boys, 50 Cent, Missy Elliott rap
92%
Dolly Parton, Johnny Cash, Luke Combs country
91%
Peter Tosh, Bob Marley, The Congos reggae
91%
Louis Armstrong, John Coltrane, Miles Davis jazz
88%
Nirvana, Alice in Chains, Pearl Jam grunge
83%
REM, Violent Femmes, Cage the Elephant alternative
81%
Casting Crowns, MercyMe, Jars of Clay Christian
72%
Woody Guthrie, The Mamas and the Papas, Joni Mitchell folk
64%
Jefferson Airplane, Grateful Dead, CSNY hippy dippy flower children
64%
No matching quizzes found
Score Distribution
Percent of People with Each Score
Percentile by Number Answered
Your Score History
You have not taken this quiz